Analýza výdavkov na vzdelávanie v podmienkach SR bakalárska práca

Saved in:
Bibliographic Details
Main Author: Krasňanská, Dominika, 1993-
Corporate Author: Fakulta hospodárskej informatiky EU. Katedra operačného výskumu a ekonometrie
Other Authors: Benkovič, Martin
Format: Book
Language:Slovak
Published: Bratislava 2015
Tags: Add Tag
No Tags, Be the first to tag this record!

MARC

LEADER 00000nbm a2200000 4500
001 0204146
005 20161212114245.8
041 0 |a slo 
044 |a SK 
245 1 0 |a Analýza výdavkov na vzdelávanie v podmienkach SR  |b bakalárska práca  |c Dominika Krasňanská ; školiteľ: Martin Benkovič 
264 1 |a Bratislava  |c 2015 
300 |a 34 s. 
100 1 |a Krasňanská, Dominika, 1993- 
700 1 |a Benkovič, Martin 
710 2 |a Fakulta hospodárskej informatiky EU. Katedra operačného výskumu a ekonometrie